Mathematics for BCA volume. II / (Record no. 1206)

MARC details
000 -LEADER
Fixed length control field 00523nam a2200181 4500
003 - CONTROL NUMBER IDENTIFIER
Control field SEACOMMC
005 - DATE AND TIME OF LATEST TRANSACTION
Control field 20250506114429.0
008 - FIXED-LENGTH DATA ELEMENTS--GENERAL INFORMATION
Fixed length control field 250422b |||||||| |||| 00| 0 eng d
020 ## - INTERNATIONAL STANDARD BOOK NUMBER / ISBN
International Standard Book Number 978-81-259-3083-9
Price Rs.175.00
040 ## - CATALOGING SOURCE
Original cataloging agency SEACOMMC
082 ## - DEWEY DECIMAL CLASSIFICATION NUMBER
Classification number 510.2462
Book Number B 575
100 ## - MAIN ENTRY--PERSONAL NAME
Personal name Bhui, Bikas Chandra
245 1# - TITLE STATEMENT
Title Mathematics for BCA volume. II /
Statement of responsibility Bikas Chandra Bhui [and] Dipak Chatterjee
260 ## - IMPRINT
Place of publication Kolkata
Name of publisher Vikas Publishing House
Date of publication c 2009
300 ## - PHYSICAL DESCRIPTION
Page / Vol. No Vol. 2
650 ## - SUBJECT ADDED ENTRY--TOPICAL TERM
Topical term Mathematics
942 ## - ADDED ENTRY ELEMENTS (KOHA)
Koha item type Books
Holdings
Withdrawn status Lost status Source of classification Damaged status Not for loan Home library Current library Shelving location Date acquired Total Checkouts Call number Accession number Date last seen Price effective from Koha item type Copy number
    Dewey Decimal Classification     SEACOM MANAGEMENT COLLEGE SEACOM MANAGEMENT COLLEGE Reference 04/03/2009   510.2462 B 575 M-2336 22/04/2025 22/04/2025 Reference Books  
    Dewey Decimal Classification     SEACOM MANAGEMENT COLLEGE SEACOM MANAGEMENT COLLEGE   04/03/2009   510.2462 B 575 M-2337 22/04/2025 22/04/2025 Books 1
    Dewey Decimal Classification     SEACOM MANAGEMENT COLLEGE SEACOM MANAGEMENT COLLEGE   04/03/2009   510.2462 B 575 M-2338 22/04/2025 22/04/2025 Books 2
    Dewey Decimal Classification     SEACOM MANAGEMENT COLLEGE SEACOM MANAGEMENT COLLEGE   04/03/2009   510.2462 B 575 M-2339 22/04/2025 22/04/2025 Books 3
    Dewey Decimal Classification     SEACOM MANAGEMENT COLLEGE SEACOM MANAGEMENT COLLEGE   04/03/2009   510.2462 B 575 M-2340 22/04/2025 22/04/2025 Books 4
© Seacom Engineering College, All rights reserved.    Powered by Koha